Metal working and heat-treatment manual ... (Record no. 548597)
[ view plain ]
| 000 -LEADER | |
|---|---|
| fixed length control field | 00667cam a22001811 4500 |
| 082 ## - DEWEY DECIMAL CLASSIFICATION NUMBER | |
| Classification number | 671.36 |
| Author Mark | JOH |
| -- | L-17, P-36 |
| 100 1# - MAIN ENTRY--PERSONAL NAME | |
| Personal name | Johnson, Frederick, |
| 9 (RLIN) | 44955 |
| 245 10 - TITLE STATEMENT | |
| Title | Metal working and heat-treatment manual ... |
| Statement of responsibility, etc. | by F. Johnson ... |
| 260 ## - PUBLICATION, DISTRIBUTION, ETC. | |
| Place of publication, distribution, etc. | London, |
| Name of publisher, distributor, etc. | P. Elek ltd. |
| Date of publication, distribution, etc. | [1945- |
| 300 ## - PHYSICAL DESCRIPTION | |
| Extent | v. |
| Other physical details | illus., tables (part fold.) diagrs. |
| Dimensions | 22 cm. |
| 505 0# - FORMATTED CONTENTS NOTE | |
| Formatted contents note | v. 1. Carbon steels.--v. 2. Alloy steels, cast iron, and non-ferrous metals.--v. 3. Surface hardening processes. |
| 526 ## - STUDY PROGRAM INFORMATION NOTE | |
| Program name | 0 |
| Interest level | 0 |
| Reading level | 0 |
| Title point value | 671_360000000000000_JOH |
| 650 #0 - SUBJECT ADDED ENTRY--TOPICAL TERM | |
| Topical term or geographic name entry element | MCE |
| 9 (RLIN) | 379 |
| 650 #0 - SUBJECT ADDED ENTRY--TOPICAL TERM | |
| Topical term or geographic name entry element | Metallography. |
| 9 (RLIN) | 44882 |
| 650 #0 - SUBJECT ADDED ENTRY--TOPICAL TERM | |
| Topical term or geographic name entry element | Metallurgy. |
| 9 (RLIN) | 25466 |
| 650 #0 - SUBJECT ADDED ENTRY--TOPICAL TERM | |
| Topical term or geographic name entry element | Metal-work. |
| 9 (RLIN) | 34700 |
| 942 ## - ADDED ENTRY ELEMENTS (KOHA) | |
| Source of classification or shelving scheme | |
| Koha item type | Book |
| Withdrawn status | Lost status | Source of classification or shelving scheme | Damaged status | Not for loan | Permanent Location | Current Location | Date acquired | Total Checkouts | Full call number | Barcode | Date last seen | Price effective from | Koha item type |
|---|---|---|---|---|---|---|---|---|---|---|---|---|---|
| Military College of Engineering (MCE) | Military College of Engineering (MCE) | 09/03/2014 | 671.36 JOH | MCE-40958 | 09/03/2014 | 09/03/2014 | Book |
